Horacio : (Record no. 70483)

MARC details
000 -LEADER
fixed length control field 00676cam a2200193 4500
008 - FIXED-LENGTH DATA ELEMENTS--GENERAL INFORMATION
fixed length control field 090616s1993 mx 000 0 spa u
020 ## - INTERNATIONAL STANDARD BOOK NUMBER
International Standard Book Number 9683631355
050 04 - LIBRARY OF CONGRESS CALL NUMBER
Classification number PA6409
Item number H47 1993
100 1# - MAIN ENTRY--PERSONAL NAME
Personal name Herrera Zapién, Tarsicio
245 10 - TITLE STATEMENT
Title Horacio :
Remainder of title Crisol bimilenario /
Statement of responsibility, etc ensayos, diálogos y vers. métrica de diez odas por Tarsicio Herrera Zapién ; con una presentación de Julio Pimental Álvarez.
250 ## - EDITION STATEMENT
Edition statement 1a ed.
260 ## - PUBLICATION, DISTRIBUTION, ETC. (IMPRINT)
Place of publication, distribution, etc México :
Name of publisher, distributor, etc UNAM,
Date of publication, distribution, etc 1993
300 ## - PHYSICAL DESCRIPTION
Extent 198 p. ;
Dimensions 21 cm.
504 ## - BIBLIOGRAPHY, ETC. NOTE
Bibliography, etc Incluye índice
600 1# - SUBJECT ADDED ENTRY--PERSONAL NAME
Personal name Horacio
General subdivision Crítica e interpretación
Source of heading or term Lemb
700 1# - ADDED ENTRY--PERSONAL NAME
Personal name Pimentel Álvarez, Julio, pról.
942 ## - ADDED ENTRY ELEMENTS (KOHA)
Source of classification or shelving scheme Biblioteca del Cogreso de los Estados Unidos
Koha item type Libro
Holdings
Estado de pérdida Fuente de clasificación Estado del daño No para préstamo Ubicación permanente Ubicación actual Apartado o colección Fecha de adquisición Área del conocimiento Clasificación Código de Barras Date last seen Número de copia Tipo de recurso
  Biblioteca del Cogreso de los Estados Unidos     Biblioteca del Instituto de Investigaciones Históricas Biblioteca del Instituto de Investigaciones Históricas General 15/11/2018 Educación y Humanidades PA6409 H47 1993 IIH000004250 15/11/2018 C:1 Libro